Výber plemenných včelstiev

Bibliographic Details
Main Author: Kepeňa, Ladislav, 1932-2002 (Author)
Format: Article
Language:Slovak

MARC

LEADER 00000nab a2200000ua 4500
001 vtls010766155
003 SK-MaSNL
005 20260304200542.0
008 250718s1976 xo |||||||||||||||||slo|
035 |a (urnnbn)urn:nbn:sk:snk:ar-a003dc 
035 |a (uuid)8770ca9d-28b7-4e4f-9e42-ffbc30f23b47 
035 |a urn:nbn:sk:snk-ab5008 
040 |a SNKBUCL  |b slo  |c SNKBUCL  |e AACR2 
041 0 |a slo 
044 |a xo  |c SK 
100 1 |a Kepeňa, Ladislav,  |d 1932-2002  |4 aut  |9 49157 
245 1 0 |a Výber plemenných včelstiev  |c Ladislav Kepeňa 
773 0 |t Včelár : odborný časopis Povereníctva poľnohospodárstva a lesného hospodárstva a Ústredia včelárskych združení na Slovensku  |g Roč. 50, č. 5 (1976), s. 100-101 
850 |a Slovenská národná knižnica 
852 |a Slovenská národná knižnica 
954 |a odborná, vedecká literatúra pôvodná (slovenská)  |2 lita 
958 |a article3 
958 |a OND 
958 |a EUIPO 
999 |c 3089193  |d 3091123